Statistiques concernant Personnages de Brawl Stars par image - Aléatoire

Cliquez ici pour prendre le quiz!

Statistiques générales

  • Ce quiz a été pris 3 025 fois
  • Le résultat moyen est 15 sur 16

Statistiques - réponses

Réponse% Correct
Colt
99%
Ricochet
99%
Tara
99%
Bartaba
98%
Bo
98%
Bull
98%
Corbac
98%
Frank
98%
Léon
98%
Mortis
98%
Nita
98%
Penny
98%
Poco
98%
Spike
98%
Tick
98%
Arkad
97%
Béa
97%
El Costo
97%
Eliz@
97%
Jessie
97%
Pam
97%
Rosa
97%
Shelly
97%
Billie
96%
Carl
96%
Edgar
96%
Max
96%
Polly
96%
Brock
95%
Dynamike
95%
Jacky
95%
Nani
95%
Ambre
94%
Darryl
94%
Stu
94%
Surge
94%
Gaël
93%
Buzz
92%
Colette
92%
Emeri
92%
Ash
91%
D'jinn
91%
Fang
91%
Gus
91%
Lou
91%
Wally
91%
Grom
89%
Belle
88%
Griff
88%
Meg
88%
Byron
87%
Chester
87%
Lola
86%
Bonnie
85%
Otis
85%
Squeak
85%
Eve
84%
Médor
84%
Gray
83%
Janet
82%
Sam
82%
Mandy
81%
Monsieur M.
81%
Buster
76%

Distribution des résultats

Percentile par nombre de réponses

% des personnes avec chaque résultat

Votre développement - résultats

Vous n’avez pas pris ce quiz